|
|
|
|
| LEADER |
00000nam2a2200000 4500 |
| 001 |
246493 |
| 005 |
20231101232218.0 |
| 035 |
|
|
|a (RuTPU)RU\TPU\book\267944
|
| 090 |
|
|
|a 246493
|
| 100 |
|
|
|a 20131204d1962 k y0rusy50 ca
|
| 101 |
0 |
|
|a rus
|
| 102 |
|
|
|a RU
|
| 105 |
|
|
|a a z 001zy
|
| 200 |
0 |
|
|a Т. 2
|f Т. А. Агекян [и др.]
|
| 210 |
|
|
|d 1962
|
| 215 |
|
|
|a 688 с.
|c ил.
|
| 320 |
|
|
|a Библиография в конце глав.
|
| 320 |
|
|
|a Именной указатель: с. 679-682.
|
| 320 |
|
|
|a Предметный указатель: с. 683-688.
|
| 461 |
|
1 |
|0 (RuTPU)RU\TPU\book\44311
|t Курс астрофизики и звездной астрономии
|o [в 3 т.]
|f отв. ред. А. А. Михайлов
|v Т. 2
|e [2-е изд.]
|d 1951-1964
|
| 606 |
1 |
|
|a Астрофизика
|2 stltpush
|3 (RuTPU)RU\TPU\subj\29580
|9 52873
|
| 610 |
1 |
|
|a звезды
|
| 610 |
1 |
|
|a яркость
|
| 610 |
1 |
|
|a массы
|
| 610 |
1 |
|
|a двойные звезды
|
| 610 |
1 |
|
|a переменные звезды
|
| 610 |
1 |
|
|a новые звезды
|
| 610 |
1 |
|
|a диффузная материя
|
| 610 |
1 |
|
|a туманности
|
| 610 |
1 |
|
|a звездные системы
|
| 610 |
1 |
|
|a Галактика
|
| 610 |
1 |
|
|a строение
|
| 610 |
1 |
|
|a движения
|
| 610 |
1 |
|
|a звездные скопления
|
| 610 |
1 |
|
|a астрономия
|
| 675 |
|
|
|a 52:53
|v 3
|
| 701 |
|
1 |
|a Агекян
|b Т. А.
|g Татеос Артемьевич
|
| 701 |
|
1 |
|a Воронцов-Вельяминов
|b Б. А.
|
| 701 |
|
1 |
|a Горбацкий
|b В. Г.
|
| 701 |
|
1 |
|a Дейч
|b А. Н.
|
| 701 |
|
1 |
|a Крат
|b В. А.
|
| 701 |
|
1 |
|a Мельников
|b О. А.
|
| 701 |
|
1 |
|a Соболев
|b В. В.
|
| 801 |
|
1 |
|a RU
|b 63413507
|c 20131204
|
| 801 |
|
2 |
|a RU
|b 63413507
|c 20131216
|g RCR
|
| 942 |
|
|
|c BK
|